| 000 | 01118nam a2200241 i 4500 | ||
|---|---|---|---|
| 003 | EG-ScBUE | ||
| 005 | 20231127103933.0 | ||
| 008 | 110804s1946 ua af 000 0 ara d | ||
| 040 |
_aEG-ScBUE _bara _erda _cEG-ScBUE _dEG-ScBUE |
||
| 082 | 0 | 4 |
_222 _a932.094 _bن ص ح |
| 100 | 1 |
_926590 _aنصحي، إبراهيم، _d1907-2004، _eمؤلف. |
|
| 245 | 1 | 0 |
_aتاريخ مصر في عصر البطالمة / _cتأليف دكتور إبراهيم نصحي، دكتوراه في الفلسفة من جامعة لندن، أستاذ مساعد التاريخ القديم بكلية الآداب بجامعة فؤاد الأول. |
| 264 | 1 |
_aالقاهرة : _bمكتبة النهضة المصرية، _c1946. |
|
| 300 |
_a930 صفحة ؛ _c24 سم |
||
| 336 |
_2rdacontent _aنص _btxt |
||
| 337 |
_aبدون وسيط _2rdamedia _bn |
||
| 338 |
_aمجلد _bnc _2rdacarrier |
||
| 650 | 7 |
_2BUEsh _aالبطالمة، 305-30 ق.م. |
|
| 651 | 7 |
_aمصر القديمة _xتاريخ _yالعصر اليوناني (332-30 ق.م.). _2BUEsh |
|
| 653 | _cAugust2011 | ||
| 655 | _vReading book | ||
| 942 |
_2ddc _cBB |
||
| 999 |
_c15790 _d15790 |
||